[Event "Agios Nikolaos op 3rd"]
[Site "Agios Ioannis"]
[Date "2019.08.27"]
[Round "2"]
[White "Roussakis, Filippos Miltiadis"]
[Black "Plooijer, Johan"]
[Result "0-1"]
[WhiteElo "1097"]
[BlackElo "1791"]
[PlyCount "100"]
[EventDate "2019.08.26"]
[EventType "swiss"]
[EventRounds "9"]
[EventCountry "GRE"]
[SourceTitle "EXT 2020"]
[Source "ChessBase"]
[SourceDate "2019.10.17"]
[SourceVersion "1"]
[SourceVersionDate "2019.10.17"]
[SourceQuality "1"]

1. e4 d6 2. Nf3 Nf6 3. Nc3 g6 4. d4 c6 5. Be2 Bg4 6. h3 Bxf3 7. Bxf3 Nbd7 8. b4 Bg7 9. Rb1 0-0 10. 0-0 Qc7 11. Re1 Rfd8 12. Bg5 Rac8 13. Qd2 Nb6 14. Qd3 Nbd7 15. Bg4 Re8 16. Bxf6 Bxf6 17. Bxd7 Qxd7 18. Ne2 b5 19. c3 Qc7 20. Rbc1 Qb6 21. Nf4 e5 22. Ne2 Red8 23. Kh1 Bg7 24. f4 Bh6 25. Rf1 a5 26. a3 axb4 27. axb4 Ra8 28. Rc2 exf4 29. Nxf4 Bxf4 30. Rxf4 Ra1+ 31. Rf1 Qa7 32. Rcf2 Rxf1+ 33. Rxf1 Re8 34. Qf3 Qe7 35. e5 dxe5 36. dxe5 Qe6 37. h4 h5 38. Qf6 Re7 39. Qxe6 Rxe6 40. Rf6 Rxf6 41. exf6 Kh7 42. g3 g5 43. Kg2 g4 44. Kf2 Kg6 45. Ke3 Kxf6 46. Kd4 Ke6 47. Kc5 Kd7 48. c4 bxc4 49. Kxc4 Kd6 50. Kd4 f5 0-1